00985cam a2200265 a 450000100100000000500170001000800410002702000310006802000220009902000220012108200190014310000260016224500920018826000630028030000190034349000320036250000550039450400330044960000350048260000510051765100690056870000370063783000320067404000130070600000698820260305073955.0900824s1989 ck b 001 0bspa  a9589208002 (obra completa) a9589208029 (t. 1) a9589208010 (t. 2) a923.587bL695t1 aLibermann Z., Jacobo.10aTiempo de Bolivar, 1783-1830 /cJacobo Libermann Z. ; prólogo, J.L. Salcedo Bastardo. aCaracas :bEdiciones Presidencia de la República,c1989. a2 v. ;c25 cm.1 aPensadores latinoamericanos a"Colección Pensadores latinoamericanos, Bolivia" aBibliografía :p. 1137-115310aBolívar, Simón,d1783-183014aBOLIVAR, SIMÓN,d1783-1830xCORRESPONDENCIA. 4aAmérica Del SurxHistoriayGUERRA DE INDEPENDENCIA, 1806-1830.1 aSalcedo Bastardo, J.L.,epról. 0aPensadores latinoamericanos aDO-SdBNP